000 00362nam a22001577a 4500
003 SGT
020 _a978-0-367-22219-2
082 _a615
_bKAR
100 _aKARALLIEDDE, LAKSHAMAN D.
245 _aADVERSE DRUG INTERACTIONS
250 _a2ND
260 _aINDIA
_bCRC PRESS PUB.
_c2026
300 _a1088
650 _aDRUG INTERACTIONS
942 _2ddc
_cBK
999 _c33068
_d33068